000 00572nam a2200193 a 4500
001 BRCA_2230
005 20190320203725.0
008 940406s1993 mx-a---###---#001-0#spa-#
020 _a9686904018
040 _aDLC
_cDLC
_dDLC
050 4 _aNA3514
_b.J68 1993
245 1 0 _aJovenes arquitectos mexicanos.
260 _aMéxico
_bCOMEX
_c1993.
300 _a202 p.
_bil. (algunas a color)
_c28 cm.
500 _aIncluye índice de obras y autores
650 1 4 _aColor en la arquitectura
_zMéxico.
_96710
650 1 4 _aArquitectura
_ySiglo XX.
_zMéxico
_9627
942 _2lcc
_cB
999 _c1982
_d1982